Last Words Quiz Stats

Quiz Updated Aug 12, 2013

Also try: First Words
Challenge
Share
Tweet
Embed
Score 0/22 Timer 04:00
0 Plays Today
Description Last Word % Correct
Star-Spangled Bannerbrave
88.1%
Neil Armstrong quotemankind
78.2%
Humpty Dumptyagain
75.2%
Rudolph Red-Nosed Reindeerhistory
73.6%
Pledge of Allegianceall
73.2%
American Pie (song)die
62.3%
Flintstones themetime
52.2%
Amazing Grace (1st verse)see
49.3%
The Ravennevermore!
48.4%
U.S. mottotrust
46.4%
Imagineone
37.9%
Description Last Word % Correct
Casey at the Batout
30.1%
Star Trek introbefore
29.4%
Bible (KJV)Amen
29.4%
O Canadathee
28.3%
Gone with the Windday
27.4%
Casablancafriendship
25.2%
Preamble to the ConstitutionAmerica
23.8%
The Road Not Takendifference
23.3%
The Usual Suspectsgone
11.1%
'I Have a Dream' speechlast
10.2%
Goodnight Mooneverywhere
6.4%

You're not logged in!

Compare scores with friends on all Sporcle quizzes.
Sign Up with Email
OR
Log In

You Might Also Like...

Show Comments

Extras

Top Quizzes Today


Score Distribution

Your Account Isn't Verified!

In order to create a playlist on Sporcle, you need to verify the email address you used during registration. Go to your Sporcle Settings to finish the process.